A comparative international analysis of the impact of accounting on fundamental accounting variables: the USA versus Latin America /

Guardat en:
Dades bibliogràfiques
Autor principal: Palacios Manzano, Mercedes
Altres autors: Martínez Conesa, Isabel, Marín Hernández, Salvador
Format: Text
Matèries:
Etiquetes: Afegir etiqueta
Sense etiquetes, Sigues el primer a etiquetar aquest registre!

MARC

LEADER 00000 a a2200000 04500
001 42537
003
040
100 |a Palacios Manzano, Mercedes  
245 |a A comparative international analysis of the impact of accounting on fundamental accounting variables:   |b the USA versus Latin America /  |c Mercedes Palacios Manzano; Isabel Martínez Conesa; Salvador Marín Hernández  
650 |a CONTABILIDAD  
650 |a COMERCIO INTERNACIONAL  
650 |a PAISES DESARROLLADOS  
650 |a EMPRESAS  
650 |a AMERICA LATINA  
650 |a ESTADOS UNIDOS  
700 |a Martínez Conesa, Isabel 
700 |a Marín Hernández, Salvador  
773 |g volumen38, número149 ( , 2007), páginas 137-157  
999 |c 37076  |d 37076